000
00314nam a2200145Ia 4500
100
_a
Salmon/W./ Simon/E.N
650
_a
Chemistry
942
_c
BK
654
_a
Foundry
245
_a
Foundry Practice
260
_b
English language book society
_c
2001
082
_a
671.2
300
_a
374
546
_a
ENGLISH
999
_c
30565
_d
30565